000 00558nam a2200169Ia 4500
003 GCL
008 140319s9999 xx 000 0 ara d
040 _aGCL /
_cGCL
082 0 4 _aق
_b962.064
_bع ع
100 1 _aعبدالله امام
245 1 0 _aعبدالناصر هكذا كان يحكم مصر /
_cعبدالله امام
300 _a478 ص
490 _aالهيئة العامة للاستعلامات
_v0
650 0 4 _aجمال عبدالناصر
650 0 4 _aمصر - تاريخ - العصر الحديث (1805 - 1956 )
942 _2ddc
_cBK
999 _c49127
_d49127